000 01541nam a2200361 a 4500
001 ebr10600546
003 CaPaEBR
006 m u
007 cr cn|||||||||
008 110324s2011 enk sb 001 0deng d
010 _z 2011012660
020 _z9783034302364 (alk. paper)
020 _z9783034302364
020 _z9783035301533 (e-book)
040 _aCaPaEBR
_cCaPaEBR
035 _a(OCoLC)813432408
050 1 4 _aP306.2
_b.O35 2011eb
082 0 4 _a843/.8
_222
100 1 _aO'Driscoll, Kieran,
_d1963-
245 1 0 _aRetranslation through the centuries
_h[electronic resource] :
_bJules Verne in English /
_cKieran O'Driscoll.
260 _aOxford ;
_aNew York :
_bPeter Lang,
_c2011.
300 _axiv, 286 p.
440 0 _aNew trends in translation studies,
_x1664-249X ;
_vv. 5
504 _aIncludes bibliographical references (p. [265]-279) and index.
533 _aElectronic reproduction.
_bPalo Alto, Calif. :
_cebrary,
_d2011.
_nAvailable via World Wide Web.
_nAccess may be limited to ebrary affiliated libraries.
600 1 0 _aVerne, Jules,
_d1828-1905.
_tTour du monde en quatre-vingts jours
_vTranslations into English.
650 0 _aTranslating and interpreting
_xMethodology.
650 0 _aTranslating and interpreting
_xEvaluation.
650 0 _aLiterature
_xTranslations
_xHistory and criticism.
655 7 _aElectronic books.
_2local
710 2 _aebrary, Inc.
856 4 0 _uhttp://site.ebrary.com/lib/rucke/Doc?id=10600546
_zAn electronic book accessible through the World Wide Web; click to view
999 _c98757
_d98757